| 000 | 01434nam a22005170a 4500 | ||
|---|---|---|---|
| 001 | UByD002224 | ||
| 003 | AR-LpoUNG | ||
| 005 | 20240229083948.0 | ||
| 008 | 231125s2023||||ag |||||||||||||||||spa d | ||
| 020 | _a9789876306942 | ||
| 040 |
_aAR-LpoUNG _bspa _cAR-LpoUNG _eaacr |
||
| 041 | _aspa | ||
| 044 | _aag | ||
| 082 | 0 | _a982.064 411fut | |
| 100 | 1 |
_aCernadas, Jorge _4coor. |
|
| 245 | 1 | 0 |
_aFuturos en pugna : _bprotagonismos, dinĂ¡micas y sentidos durante el tercer gobierno peronista (1973-1976) |
| 250 | _a1ra. ed. | ||
| 260 |
_aBuenos Aires : _bUniversidad Nacional de General Sarmiento, _c2023. |
||
| 300 | _a449 p. | ||
| 490 | 0 |
_aHumanidades ; _vno. 54 |
|
| 650 | 4 | _aARGENTINA | |
| 650 | 4 | _aANALISIS HISTORICO | |
| 650 | 4 | _aHISTORIA POLITICA | |
| 650 | 4 | _aPARTIDOS POLITICOS | |
| 650 | 4 | _aIDEOLOGIAS POLITICAS | |
| 650 | 4 | _aGOBIERNO | |
| 650 | 4 | _aPOLITICA INTERNA | |
| 650 | 4 | _aDEMOCRACIA | |
| 650 | 4 | _aCOMUNISMO | |
| 650 | 4 | _aSOCIALISMO | |
| 650 | 4 | _aCONSERVATISMO | |
| 650 | 4 | _aVIOLENCIA | |
| 650 | 4 | _aDICTADURA | |
| 650 | 4 | _aCAMBIO SOCIAL | |
| 650 | 4 | _aPARTICIPACION POLITICA | |
| 650 | 4 | _aINSTITUCIONES POLITICAS | |
| 650 | 4 | _aUNIVERSIDADES | |
| 650 | 4 | _aESTADO | |
| 650 | 4 | _aADMINISTRACION DE JUSTICIA | |
| 650 | 4 | _aTEORIA POLITICA | |
| 653 | 0 | _aPERONISMO | |
| 653 | 0 | _aTERRORISMO DE ESTADO | |
| 700 | 1 |
_aLenci, Laura _4coor. |
|
| 905 | _a7704 | ||
| 942 |
_cLIB _2ddc |
||
| 999 |
_c64741 _d64741 |
||